<?xml version="1.0" encoding="UTF-8"?>
<marc:record xmlns:marc="http://www.loc.gov/MARC21/slim">
   <marc:leader>00000nam a2200000 a 4500</marc:leader>
   <marc:datafield ind1="1" ind2=" " tag="100">
      <marc:subfield code="a">Müller, Birte</marc:subfield>
      <marc:subfield code="4">aut</marc:subfield>
      <marc:subfield code="e">Verfasser/-in</marc:subfield>
   </marc:datafield>
   <marc:datafield ind1=" " ind2=" " tag="653">
      <marc:subfield code="a">Bilderbuch</marc:subfield>
   </marc:datafield>
   <marc:datafield ind1=" " ind2=" " tag="653">
      <marc:subfield code="a">Humor</marc:subfield>
   </marc:datafield>
   <marc:datafield ind1="0" ind2="0" tag="245">
      <marc:subfield code="a">Fritz Frosch</marc:subfield>
   </marc:datafield>
   <marc:datafield ind1="0" ind2="0" tag="245">
      <marc:subfield code="c">Birte Müller</marc:subfield>
   </marc:datafield>
   <marc:datafield ind1=" " ind2="1" tag="264">
      <marc:subfield code="a">Gossau</marc:subfield>
      <marc:subfield code="b">Neugebauer</marc:subfield>
      <marc:subfield code="c">2003</marc:subfield>
   </marc:datafield>
   <marc:datafield ind1="1" ind2=" " tag="520">
      <marc:subfield code="a">Annotation: Humor- und verständnisvolles Bilderbuch über gewisse Körpertöne und -gerüche. Rezension: Wenn der Körper sich verselbstständigt und gewisse Töne und Gerüche loslässt, kann das ganz lustig sein, besonders wenn man wie der kleine Fritz Frosch unter Wasser ein Riesen-Geblubbere veranstaltet. Ansonsten ist das Pupsen eine echte Plage. Für die Erwachsenen, weil nicht sein darf, was öffentlich als beschämend angesehen wird. Für Fritz Frosch, weil man seinen unwillkürlichen Körperäußerungen nur mit rigorosen Drohungen begegnet. Die Katastrophe folgt auf den Fuß. Vor lauter unterdrückten Pupsern bläht sich der Bauch von Fritz Frosch wie ein Riesenluftballon auf und entführt ihn in luftige Höhen. Birte Müller geht unbefangen an ein Thema heran, das man, wie die Reaktionen der Erwachsenen zeigen, sonst gern verschämt übergeht. Fritz Frosch wird niemals der Lächerlichkeit preisgegeben, auch wenn die Ansichten vom aufgeblähten und schwebenden Frosch sehr witzig sind. Die Ernsthaftigkeit der Situation und die leicht humorvollen, in hellen Pastellfarben gehaltenen Illustrationen befinden sich in einem einander angenehm ergänzenden Gleichgewicht. Schließlich wird auch den Erwachsenen ihr unangebrachtes Verhalten klar: Denn am Ende hilft, das müssen alle einsehen, nur mehr ein gewaltiges Puuupsen. *ag* Veronika Freytag</marc:subfield>
   </marc:datafield>
   <marc:datafield ind1=" " ind2=" " tag="020">
      <marc:subfield code="a">9783851950779</marc:subfield>
      <marc:subfield code="9">9783851950779</marc:subfield>
   </marc:datafield>
   <marc:datafield ind1=" " ind2=" " tag="041">
      <marc:subfield code="a">ger</marc:subfield>
   </marc:datafield>
   <marc:datafield ind1=" " ind2=" " tag="300">
      <marc:subfield code="a">[24] S. : durchg. Il</marc:subfield>
   </marc:datafield>
</marc:record>
